000 01159nam0a2200337 4500
001 RU\NLR\bibl\1085593
005 20250615051309.0
010 _a978-5-222-11213-7
_95000
021 _aRU
_b2007-20761
_91097
035 _a(nilc)RSL-KNO-003089287
035 _a(NLR Aleph) 001072755
090 _a1009194
_c1009194
100 _a20070404d2007 |||y0rusy50 ca
101 0 _arus
102 _aRU
105 _ay |||||||||
200 1 _aВоспалительные заболевания
_eлечение народными средствами
_fН. С. Грушина
210 _aРостов-на-Дону
_cФеникс
_d2007
215 _a411 с.
_d21
225 1 _aСерия "Здоровье нации"
300 _aНа обл. авт. не указан
606 1 _aВоспаление
_xТерапия народными средствами
_92474758
_3RU\NLR\auth\661469528
686 _aР41,1-5
700 1 _aГрушина
_bН. С.
_4070
801 0 _aRU
_bРКП
_c20070404
_grcr
801 1 _aRU
_bРГБ
_c20070404
801 2 _aRU
_bNLR
_c20070514
_grcr
830 _aАвт. по эк
942 _cBOOK
980 _aNB